Cestovný lexikón Slovenskej republiky 2003/2004

Na minha lista:
Detalhes bibliográficos
Formato: Livro
Idioma:eslovaco
Publicado em: Bratislava Astor Slovakia 2003
Assuntos:
Tags: Adicionar Tag
Sem tags, seja o primeiro a adicionar uma tag!

MARC

LEADER 00000nam$a2200000$$$4500
001 0000744
005 20240104111834.4
020 |a 80-968306-7-8 
041 0 |a slo 
044 |a SK 
245 1 0 |a Cestovný lexikón Slovenskej republiky 2003/2004 
264 1 |a Bratislava  |b Astor Slovakia  |c 2003 
300 |a 479 s. 
610 2 0 |a turistika 
610 2 0 |a ruch cestovný 
610 2 0 |a doprava železničná osobná 
610 2 0 |a Slovensko 
610 2 0 |a pamiatky 
610 2 0 |a vlastiveda 
610 2 0 |a šport